Statistics for Southern African Countries on Population/Area Chart

Click here to take the quiz!

General Stats

  • This quiz has been taken 12 times
  • The average score is 4 of 27

Answers on the Map

Answers color-coded by a green-red scale on the quiz's map according to % correct below.
 

Answer Stats

Answer% Correct
Democratic Republic of the Congo
70%
South Africa
50%
Angola
40%
Tanzania
40%
Kenya
30%
Mozambique
30%
St. Helena
30%
Madagascar
20%
Seychelles
20%
Malawi
10%
São Tomé and Príncipe
10%
Uganda
10%
Botswana
0%
Burundi
0%
Comoros
0%
Equatorial Guinea
0%
eSwatini
0%
Gabon
0%
Lesotho
0%
Mauritius
0%
Mayotte
0%
Namibia
0%
Republic of the Congo
0%
Réunion
0%
Rwanda
0%
Zambia
0%
Zimbabwe
0%

Score Distribution

Percentile by Number Answered

Percent of People with Each Score

Your Score History

You have not taken this quiz